00528nam a2200181Ia 450000500170000000800410001704000190005804100120007708200200008924500730010926000350018230000160021744000280023365000190026165100290028070000270030985000100033620221209163948.0131103s9999 xx 000 0 und d aLoreto College aEnglish a821.91bAUD-SPE aAudenb a collection of critical essays cedited by Monroe K. Spears aEnglewoodbPrentice-Hallc1964 a[4],191 p.  aTwentieth century views aEnglish Poetry aAuden, W. H. - Criticism aSpears, Monroe K.4ed. aLCLIB